[Event "IV Torneo Parthenope"]
[Site "Napoli ITA"]
[Date "2012.04.12"]
[Round "3"]
[White "Ambrosio, Giuseppe"]
[Black "Messina, Enrico"]
[Result "0-1"]
[WhiteElo "2079"]
[BlackElo "2163"]
[PlyCount "62"]
[EventDate "2012.03.22"]

1. d4 Nf6 2. Bg5 c5 3. Bxf6 gxf6 4. d5 Qb6 5. Qc1 f5 6. g3 Bg7 7. c3 h5 8. h4
d6 9. Nd2 Nd7 10. Nc4 Qa6 11. e3 b5 12. Nd2 Qb7 13. Ngf3 Rb8 14. Bg2 Qxd5 15.
O-O Bb7 16. Qc2 Ne5 17. a4 Qd3 18. Qb3 Nxf3+ 19. Nxf3 Bd5 20. Qd1 Qxd1 21.
Rfxd1 Bb3 22. Rdc1 b4 23. Nd2 Be6 24. Bc6+ Kf8 25. Bb5 Bf6 26. Rc2 bxc3 27.
bxc3 Kg7 28. Rd1 Rb6 29. Kf1 Rhb8 30. Ke2 d5 31. Nf3 a6 0-1

[Event "IV Torneo Parthenope"]
[Site "Napoli ITA"]
[Date "2012.04.12"]
[Round "3"]
[White "Borrelli, Salvatore"]
[Black "Caiazzo, Diego"]
[Result "0-1"]
[WhiteElo "1960"]
[BlackElo "1871"]
[PlyCount "64"]
[EventDate "2012.03.22"]

1. d4 Nf6 2. Nf3 e6 3. Bf4 d5 4. e3 Be7 5. Bd3 O-O 6. h3 c5 7. dxc5 Bxc5 8. c3
Nbd7 9. O-O h6 10. Nbd2 a6 11. Qe2 Re8 12. Ne5 Nxe5 13. Bxe5 Bd6 14. Bxd6 Qxd6
15. e4 Nxe4 16. Nxe4 dxe4 17. Qxe4 f5 18. Qe2 e5 19. Rad1 Qf6 20. Bc4+ Kh8 21.
Rd2 b5 22. Bd5 Ra7 23. Rfd1 Rae7 24. Bb3 e4 25. Rd6 Qg5 26. Rd8 f4 27. Rxe8+
Rxe8 28. Rd5 f3 29. Qf1 Qh4 30. Kh2 fxg2 31. Qxg2 Rf8 32. Rd2 Qf4+ 0-1

[Event "IV Torneo Parthenope"]
[Site "Napoli ITA"]
[Date "2012.04.12"]
[Round "3"]
[White "Buiano, Fabio"]
[Black "Esposito, Rosario"]
[Result "1-0"]
[WhiteElo "2054"]
[BlackElo "1854"]
[PlyCount "83"]
[EventDate "2012.03.22"]

1. e4 c5 2. Nc3 d6 3. f4 Nc6 4. Nf3 g6 5. Bb5 Bd7 6. O-O Bg7 7. d3 e6 8. Bxc6
Bxc6 9. Bd2 Ne7 10. Qe2 O-O 11. Rae1 b5 12. Nd1 b4 13. c3 a5 14. Ne3 Bd7 15.
Nc4 Bb5 16. e5 Bxc4 17. dxc4 Qc7 18. Qf2 d5 19. cxd5 Nxd5 20. c4 Ne7 21. Ng5 h6
22. Ne4 Nf5 23. Be3 Nxe3 24. Qxe3 Rfd8 25. Rd1 Bf8 26. h4 Rd4 27. Rxd4 cxd4 28.
Qxd4 Rd8 29. Nf6+ Kh8 30. Qe4 Qc5+ 31. Kh2 Rd4 32. Qa8 Rxc4 33. Qe8 Qe7 34. Qb8
Kg7 35. h5 Rd4 36. hxg6 fxg6 37. Rc1 Rd8 38. Qb6 Rd7 39. Nxd7 Qh4+ 40. Kg1 Qxf4
41. Rf1 Qd2 42. Nxf8 1-0

[Event "IV Torneo Parthenope"]
[Site "Napoli ITA"]
[Date "2012.04.12"]
[Round "3"]
[White "Caporali, Dante"]
[Black "Vannini, Aldo"]
[Result "1/2-1/2"]
[WhiteElo "1706"]
[BlackElo "1798"]
[PlyCount "133"]
[EventDate "2012.03.22"]

1. d4 d5 2. c4 e6 3. Nc3 a6 4. Nf3 dxc4 5. a4 Bb4 6. e3 Nf6 7. Bxc4 c5 8. O-O
Nc6 9. dxc5 Qxd1 10. Rxd1 Bxc5 11. b3 O-O 12. Bb2 Na5 13. Ba3 Bxa3 14. Rxa3
Nxc4 15. bxc4 Bd7 16. Ne5 Rfd8 17. Nxd7 Nxd7 18. a5 Nc5 19. Kf1 Rxd1+ 20. Nxd1
Rd8 21. Ke2 Kf8 22. Nb2 Ke7 23. Nd3 Kd6 24. f3 f6 25. h4 Kc6 26. Nb4+ Kc7 27.
Nc2 Rd6 28. g4 Nd7 29. Rc3 Kc6 30. f4 e5 31. Rd3 Nc5 32. Nb4+ Kd7 33. Rc3 exf4
34. exf4 Rd4 35. Nd5 Re4+ 36. Kf3 Re1 37. Ra3 Rh1 38. Kg3 Rb1 39. Kf2 Rb3 40.
Ra2 Ne4+ 41. Kg2 Rg3+ 42. Kf1 Rxg4 43. Rb2 Nc5 44. Rd2 Ke8 45. Re2+ Kf7 46. h5
Ne6 47. f5 Nc5 48. Re7+ Kf8 49. Rc7 Rxc4 50. Rc8+ Kf7 51. Rc7+ Ke8 52. Rxg7 Ra4
53. Nxf6+ Kf8 54. Rxh7 Rf4+ 55. Ke2 Rxf5 56. Nd7+ Kg8 57. Re7 Nb3 58. h6 Nxa5
59. h7+ Kh8 60. Ne5 Rf6 61. Kd3 Nc6 62. Nxc6 bxc6 63. Ra7 c5 64. Kc4 Rc6 65.
Kd5 Rc8 66. Rxa6 c4 67. Ra2 1/2-1/2

[Event "IV Torneo Parthenope"]
[Site "Napoli ITA"]
[Date "2012.04.12"]
[Round "3"]
[White "Gallo, Thomas Renato"]
[Black "Di Meo, Antonio"]
[Result "1/2-1/2"]
[WhiteElo "1879"]
[BlackElo "1951"]
[PlyCount "140"]
[EventDate "2012.03.22"]

1. e4 c6 2. Nf3 g6 3. d4 Bg7 4. Be3 d6 5. Be2 Nf6 6. Qd3 O-O 7. h3 Nbd7 8. Nbd2
b5 9. O-O Qc7 10. Rfe1 a6 11. a4 Bb7 12. a5 c5 13. c3 e5 14. dxe5 dxe5 15. b4
Rad8 16. Qc2 cxb4 17. c4 Rc8 18. Rec1 Qd6 19. Qb1 bxc4 20. Nxc4 Qe7 21. Nfd2
Rfe8 22. f3 Nh5 23. Nb6 Rxc1+ 24. Qxc1 Nf4 25. Bf1 Ne6 26. Qc4 Nb8 27. Nb3 Bc6
28. Nc5 Bb5 29. Qxb4 Bf8 30. Rc1 Nc6 31. Qc3 Nxc5 32. Bxc5 Qxc5+ 33. Qxc5 Bxc5+
34. Rxc5 Nxa5 35. Bxb5 axb5 36. Rxb5 Nc6 37. Rc5 Re6 38. Nc4 Kg7 39. Kf2 f6 40.
Ne3 Ne7 41. Rc7 Kf8 42. Ke2 Rc6 43. Ra7 Rb6 44. Kd2 Rb2+ 45. Kc3 Re2 46. Kd3
Rb2 47. Nd5 Nxd5 48. exd5 Rxg2 49. Rxh7 Ke8 50. Ke4 Re2+ 51. Kd3 Re1 52. Kc4
Re3 53. Kc5 Rxf3 54. Kd6 e4 55. Ke6 Kf8 56. d6 Rd3 57. d7 e3 58. Kxf6 Rd6+ 59.
Ke5 Rxd7 60. Rxd7 e2 61. Kf6 e1=Q 62. Rd8+ Qe8 63. Rxe8+ Kxe8 64. Kg7 g5 65.
Kg8 Ke7 66. Kg7 Ke8 67. Kf6 Kf8 68. Kxg5 Kg7 69. h4 Kh8 70. Kh5 Kg7 1/2-1/2

[Event "IV Torneo Parthenope"]
[Site "Napoli ITA"]
[Date "2012.04.12"]
[Round "3"]
[White "Grasso, Nino"]
[Black "Oliveri, Aldo"]
[Result "1-0"]
[WhiteElo "2010"]
[BlackElo "1715"]
[PlyCount "55"]
[EventDate "2012.03.22"]

1. e4 e6 2. d4 d5 3. Nc3 Bb4 4. e5 Ne7 5. Qg4 O-O 6. Bd3 Ng6 7. h4 f5 8. Qg3 c5
9. h5 Nh8 10. a3 cxd4 11. axb4 dxc3 12. bxc3 Qc7 13. Ne2 Nf7 14. Bf4 Nc6 15.
O-O Bd7 16. Rfe1 a6 17. Nd4 Qb6 18. Nxf5 exf5 19. e6 Bxe6 20. Rxe6 Rae8 21.
Bxf5 Rxe6 22. Bxe6 Ncd8 23. Bxd5 Kh8 24. Re1 h6 25. Re7 Qf6 26. Qe3 Nd6 27. Be5
Qxe7 28. Qxh6# 1-0

[Event "IV Torneo Parthenope"]
[Site "Napoli ITA"]
[Date "2012.04.12"]
[Round "3"]
[White "Miccoli, Livio"]
[Black "Vena, Alessio"]
[Result "0-1"]
[WhiteElo "1641"]
[BlackElo "1898"]
[PlyCount "62"]
[EventDate "2012.03.22"]

1. e4 d6 2. g3 e5 3. Bg2 Nf6 4. Nc3 g6 5. Nge2 Bg7 6. O-O O-O 7. d3 Nc6 8. Bg5
h6 9. Be3 Be6 10. h3 Qd7 11. Kh2 Nh5 12. Qd2 Kh7 13. g4 Nf6 14. Nd5 Bxd5 15.
exd5 Ne7 16. c4 c6 17. dxc6 bxc6 18. f4 exf4 19. Bxf4 d5 20. g5 hxg5 21. Bxg5
Nh5 22. Bxe7 Qxe7 23. cxd5 Qe5+ 24. Kh1 Qxe2 25. Qxe2 Ng3+ 26. Kh2 Nxe2 27. Rf2
Be5+ 28. Kh1 Ng3+ 29. Kg1 Bd4 30. d6 Rab8 31. Bxc6 Rxb2 0-1

[Event "IV Torneo Parthenope"]
[Site "Napoli ITA"]
[Date "2012.04.12"]
[Round "3"]
[White "Schiappoli, Dario"]
[Black "Auletta, Angelo"]
[Result "0-1"]
[WhiteElo "1953"]
[BlackElo "2242"]
[PlyCount "26"]
[EventDate "2012.03.22"]

1. e4 c5 2. Nf3 e6 3. d4 cxd4 4. Nxd4 Nf6 5. Nc3 d6 6. g4 h6 7. h3 Nc6 8. Be3
d5 9. Bg2 Bb4 10. Nxc6 bxc6 11. e5 Nd7 12. f4 Ba6 13. Bd2 Qh4# 0-1

[Event "IV Torneo Parthenope"]
[Site "Napoli ITA"]
[Date "2012.04.12"]
[Round "3"]
[White "Somma, Andrea"]
[Black "Solombrino, Giovanni"]
[Result "1-0"]
[WhiteElo "1807"]
[BlackElo "1822"]
[PlyCount "59"]
[EventDate "2012.03.22"]

1. e4 c5 2. Nf3 Nc6 3. d4 cxd4 4. Nxd4 g6 5. Nc3 Bg7 6. Be3 Nf6 7. Bc4 O-O 8.
Bb3 d6 9. f3 Na5 10. Qd2 Nxb3 11. axb3 Bd7 12. g4 Bc6 13. h4 h5 14. gxh5 Nxh5
15. Bh6 e6 16. Bxg7 Kxg7 17. O-O-O Rc8 18. Rdg1 Qf6 19. Nce2 d5 20. Rg4 dxe4
21. Nf4 Nxf4 22. Rxf4 Qd8 23. Rg4 exf3 24. Rhg1 Qd5 25. Rg5 Qe4 26. R1g4 f2 27.
Qxf2 Qh1+ 28. Rg1 Qh3 29. R5g3 Qxh4 30. Rxg6+ 1-0

[Event "IV Torneo Parthenope"]
[Site "Napoli ITA"]
[Date "2012.04.12"]
[Round "3"]
[White "Somma, Erminio"]
[Black "Di Gennaro, Antonio"]
[Result "1/2-1/2"]
[WhiteElo "1597"]
[BlackElo "1672"]
[PlyCount "80"]
[EventDate "2012.03.22"]

1. d4 d5 2. Nf3 Nf6 3. e3 e6 4. Bd3 c5 5. c3 Be7 6. O-O O-O 7. Re1 b6 8. Nbd2
Bb7 9. e4 cxd4 10. Nxd4 Nc6 11. e5 Nd7 12. N2f3 Re8 13. Bf4 Nf8 14. Qd2 a6 15.
Bg5 Nxd4 16. cxd4 Bxg5 17. Nxg5 h6 18. Nh3 Rc8 19. Rac1 Qe7 20. f4 Rc7 21. Rxc7
Qxc7 22. Rc1 Qd7 23. b3 Rc8 24. g4 Qe7 25. Rxc8 Bxc8 26. g5 hxg5 27. fxg5 g6
28. Nf2 Nh7 29. h4 b5 30. b4 Qc7 31. Ng4 Bb7 32. Nf6+ Nxf6 33. gxf6 Qd8 34. Qg5
Qb6 35. Qg4 Kf8 36. Kg2 a5 37. a3 axb4 38. axb4 Qa7 39. Bxb5 Qb6 40. Be2 Qxb4
1/2-1/2

[Event "IV Torneo Parthenope"]
[Site "Napoli ITA"]
[Date "2012.04.12"]
[Round "3"]
[White "Sparice, Lorenzo"]
[Black "Farina, Walter"]
[Result "1/2-1/2"]
[WhiteElo "1489"]
[BlackElo "1640"]
[PlyCount "79"]
[EventDate "2012.03.22"]

1. c4 c6 2. e4 d5 3. exd5 cxd5 4. cxd5 Qxd5 5. Nc3 Qd8 6. d4 e6 7. a3 Nf6 8.
Nf3 Nc6 9. Be2 Be7 10. O-O O-O 11. Bg5 a6 12. Rb1 b5 13. Bxf6 Bxf6 14. d5 Ne5
15. Nxe5 Bxe5 16. Bf3 Ra7 17. Re1 Bb8 18. Qb3 Qh4 19. g3 Qf6 20. Be4 h5 21. Qd1
h4 22. Qh5 g6 23. Qxh4 Qd4 24. Bg2 Qb6 25. dxe6 fxe6 26. Ne4 Raf7 27. g4 Ba7
28. g5 Rxf2 29. Kh1 Qd8 30. Rf1 Rxf1+ 31. Rxf1 Rxf1+ 32. Bxf1 Bb7 33. Qe1 Qd4
34. Bg2 Kf7 35. Nd6+ Qxd6 36. Bxb7 Bb8 37. Qf2+ Ke8 38. Qg2 Qd1+ 39. Qg1 Qd6
40. Qg2 1/2-1/2

[Event "IV Torneo Parthenope"]
[Site "Napoli ITA"]
[Date "2012.04.12"]
[Round "3"]
[White "Supino, Domenico"]
[Black "Avolio, Giovanni"]
[Result "0-1"]
[WhiteElo "2085"]
[BlackElo "1905"]
[PlyCount "118"]
[EventDate "2012.03.22"]

1. e4 d6 2. d4 Nf6 3. Nc3 g6 4. Be3 c6 5. Qd2 Qa5 6. f3 Bg7 7. Nge2 O-O 8. g4
Nbd7 9. Ng3 h5 10. g5 Ne8 11. a3 e5 12. f4 exf4 13. Bxf4 c5 14. dxc5 Ne5 15.
Bxe5 Bxe5 16. cxd6 Nxd6 17. Bd3 Bg4 18. Nge2 Rad8 19. b4 Bxc3 20. Nxc3 Qe5 21.
O-O Qd4+ 22. Kh1 Nxe4 23. Nxe4 Qxe4+ 24. Bxe4 Rxd2 25. c4 b6 26. Bd5 Re2 27.
Rf6 Bf5 28. Rf1 Be4+ 29. Bxe4 Rxe4 30. R6f4 Re5 31. h4 Re3 32. R1f3 Rxf3 33.
Rxf3 Rd8 34. Rc3 Rd2 35. c5 bxc5 36. bxc5 Kf8 37. c6 Rd8 38. Kg2 Rc8 39. Kf3
Ke7 40. Ke4 Kd6 41. Rd3+ Kxc6 42. Rc3+ Kd7 43. Rxc8 Kxc8 44. Ke5 Kd7 45. Kf6
Ke8 46. a4 a5 47. Ke5 Ke7 48. Kd5 f5 49. gxf6+ Kxf6 50. Ke4 g5 51. hxg5+ Kxg5
52. Kf3 Kf5 53. Kg3 Ke4 54. Kh4 Kd4 55. Kxh5 Kc4 56. Kg4 Kb4 57. Kf3 Kxa4 58.
Ke2 Kb3 59. Kd1 Kb2 0-1

[Event "IV Torneo Parthenope"]
[Site "Napoli ITA"]
[Date "2012.04.12"]
[Round "3"]
[White "Taurisano, Vincenzo"]
[Black "De Rosa, Francesco"]
[Result "1-0"]
[WhiteElo "1865"]
[BlackElo "1951"]
[PlyCount "83"]
[EventDate "2012.03.22"]

1. e4 c5 2. d4 cxd4 3. c3 dxc3 4. Nxc3 Nc6 5. Nf3 d6 6. Bc4 e6 7. O-O Be7 8.
Qe2 a6 9. Rd1 b5 10. Bb3 Bb7 11. e5 d5 12. Be3 Na5 13. Rac1 Nxb3 14. axb3 Qa5
15. Ra1 Qb4 16. Rd4 Qxb3 17. Rg4 Nh6 18. Bxh6 gxh6 19. Nd4 Qc4 20. Qf3 Qc5 21.
Rg7 Rf8 22. Rd1 Bg5 23. Nce2 Qc7 24. Nxe6 Qc2 25. Rf1 fxe6 26. Qh5+ Kd8 27.
Rxb7 Qxb2 28. h4 Bd2 29. Rxh7 Qc2 30. Rf7 Rg8 31. Rf6 Ra7 32. Nd4 Qe4 33. Nxe6+
Kc8 34. f3 Qe3+ 35. Kh1 Qe2 36. Rg1 Be3 37. Rg6 Rxg6 38. Qxg6 Qf2 39. Qe8+ Kb7
40. Qd7+ Kb6 41. Qd8+ Kc6 42. Rc1+ 1-0

[Event "IV Torneo Parthenope"]
[Site "Napoli ITA"]
[Date "2012.04.12"]
[Round "3"]
[White "Vena, Antonio"]
[Black "Cosenza, Gianni"]
[Result "0-1"]
[WhiteElo "1778"]
[BlackElo "1953"]
[PlyCount "83"]
[EventDate "2012.03.22"]

1. e4 e6 2. d3 d5 3. Nd2 c5 4. Ngf3 Nc6 5. g3 Bd6 6. Bg2 Nge7 7. O-O O-O 8. Nh4
Bd7 9. f4 f6 10. Ndf3 b5 11. Be3 d4 12. Bf2 e5 13. f5 c4 14. g4 cxd3 15. cxd3
Kh8 16. g5 Rc8 17. gxf6 gxf6 18. Ne1 Qe8 19. Bf3 Rg8+ 20. Kh1 Rg5 21. Rg1 Qg8
22. Bh5 Rxg1+ 23. Bxg1 Qg5 24. Qg4 Qd2 25. Qg2 Qh6 26. Qe2 Rg8 27. Nhg2 Bb4 28.
Bf7 Rg7 29. Bb3 Be8 30. Qc2 Qg5 31. a3 Bxe1 32. Rxe1 Bh5 33. Qf2 Bf7 34. Bxf7
Rxf7 35. Nh4 Rg7 36. Nf3 Qg4 37. Nd2 Nd8 38. Rc1 Nf7 39. Rc7 Ng5 40. Nf1 Qd1
41. Nd2 Nh3 42. Qf1 0-1

[Event "IV Torneo Parthenope"]
[Site "Napoli ITA"]
[Date "2012.04.12"]
[Round "3"]
[White "Zinnai, Graziano Matteo"]
[Black "Seletsky, Grigory"]
[Result "0-1"]
[WhiteElo "1989"]
[BlackElo "2325"]
[PlyCount "64"]
[EventDate "2012.03.22"]

1. e4 c5 2. Nf3 d6 3. c3 Nf6 4. d3 Nc6 5. Nbd2 Bg4 6. g3 g6 7. Bg2 Bg7 8. O-O
Qd7 9. Re1 O-O 10. Nf1 b5 11. Ne3 Bxf3 12. Bxf3 b4 13. Bd2 Rab8 14. Bg2 Ne8 15.
f4 Nc7 16. a3 bxa3 17. bxa3 Na5 18. Qc2 Nb3 19. Rab1 Nxd2 20. Qxd2 Qa4 21. Nc4
Rfd8 22. Bf3 Nb5 23. Bd1 Qa6 24. Rb3 Nc7 25. a4 d5 26. exd5 Nxd5 27. Rxb8 Rxb8
28. Ne5 e6 29. Bg4 Bxe5 30. fxe5 Qxa4 31. Qf2 Qxg4 32. Qxc5 Qf3 0-1

[Event "IV Torneo Parthenope"]
[Site "Napoli ITA"]
[Date "2012.04.19"]
[Round "4"]
[White "Auletta, Angelo"]
[Black "Buiano, Fabio"]
[Result "1-0"]
[WhiteElo "2242"]
[BlackElo "2054"]
[PlyCount "75"]
[EventDate "2012.03.22"]

1. e4 c5 2. Nf3 g6 3. d4 cxd4 4. Nxd4 Nc6 5. c4 Nf6 6. Nc3 d6 7. f3 Nxd4 8.
Qxd4 Bg7 9. b3 O-O 10. Bb2 Ng4 11. Qd3 Ne5 12. Qd2 f5 13. Be2 Qa5 14. Qd5+ Qxd5
15. exd5 Bd7 16. O-O Rfc8 17. a4 Be8 18. Rfe1 Nd7 19. Bd3 Kf8 20. Re2 Nc5 21.
Bc2 a5 22. Rae1 Rc7 23. f4 Rac8 24. h3 Na6 25. g4 fxg4 26. hxg4 Nb4 27. Bb1
Bd4+ 28. Kh2 Bxc3 29. Bxc3 Nxd5 30. Bxa5 b6 31. Bd2 Nf6 32. g5 Ng8 33. f5 gxf5
34. Bxf5 Bd7 35. Bxh7 e5 36. Bb4 Kg7 37. Be4 d5 38. Bxd5 1-0

[Event "IV Torneo Parthenope"]
[Site "Napoli ITA"]
[Date "2012.04.19"]
[Round "4"]
[White "Avolio, Giovanni"]
[Black "Caporali, Dante"]
[Result "1/2-1/2"]
[WhiteElo "1905"]
[BlackElo "1706"]
[PlyCount "102"]
[EventDate "2012.03.22"]

1. c4 e5 2. Nc3 Nc6 3. g3 g6 4. Bg2 Bg7 5. Nf3 d6 6. O-O Nf6 7. d3 O-O 8. h3
Bd7 9. Be3 Re8 10. Qd2 Rb8 11. Rab1 a6 12. d4 exd4 13. Nxd4 Nxd4 14. Bxd4 Qc8
15. Kh2 Be6 16. Nd5 Nxd5 17. cxd5 Bd7 18. Bxg7 Kxg7 19. Rbc1 f6 20. e3 Re7 21.
Rc3 b5 22. b4 f5 23. Rfc1 Be8 24. Qd4+ Kg8 25. Qa7 Qb7 26. Qd4 Bf7 27. f3 Qxd5
28. Qxd5 Bxd5 29. g4 fxg4 30. hxg4 Rbe8 31. e4 Bxa2 32. Ra1 Bc4 33. Rxa6 Kg7
34. Kg3 h6 35. f4 Kf6 36. e5+ Kf7 37. Bc6 Rd8 38. Be4 dxe5 39. Bxg6+ Kg7 40. f5
Red7 41. Re3 Rd3 42. Ra3 e4 43. Kf4 Rxa3 44. Rxa3 Rd3 45. Ra7 Rd7 46. Kxe4 Bd3+
47. Ke5 Re7+ 48. Kd5 Be2 49. Bh5 Bc4+ 50. Kd4 Rd7+ 51. Kc5 51... Re7 {...}
1/2-1/2

[Event "IV Torneo Parthenope"]
[Site "Napoli ITA"]
[Date "2012.04.19"]
[Round "4"]
[White "Caiazzo, Diego"]
[Black "Taurisano, Vincenzo"]
[Result "0-1"]
[WhiteElo "1871"]
[BlackElo "1865"]
[PlyCount "116"]
[EventDate "2012.03.22"]

1. Nf3 Nf6 2. g3 g6 3. Bg2 Bg7 4. O-O O-O 5. c4 c5 6. Nc3 Nc6 7. d3 d6 8. Bd2
Rb8 9. Qc1 a6 10. Bh6 Nd4 11. Bxg7 Nxf3+ 12. Bxf3 Kxg7 13. Nd5 Nxd5 14. Bxd5
Bh3 15. Qc3+ Kg8 16. Rfd1 e5 17. e3 b5 18. b3 b4 19. Qb2 Qg5 20. f4 exf4 21.
exf4 Qf5 22. Be4 Qd7 23. Re1 Bf5 24. Qf6 Qe6 25. Qxe6 Bxe6 26. Re3 Bd7 27. Rae1
Rfe8 28. Bd5 Rxe3 29. Rxe3 Re8 30. Kf2 Kf8 31. Rxe8+ Kxe8 32. Ke3 Ke7 33. d4
Bf5 34. Be4 Bd7 35. dxc5 dxc5 36. Kf3 a5 37. g4 a4 38. f5 g5 39. f6+ Kxf6 40.
Bxh7 Ke5 41. Bg8 axb3 42. axb3 Kd4 43. Bxf7 Kc3 44. h4 gxh4 45. g5 Bf5 46. g6
Kxb3 47. g7 Bh7 48. Kg4 Ka2 49. g8=Q Bxg8 50. Bxg8 b3 51. Bh7 b2 52. Kxh4 b1=Q
53. Bxb1+ Kxb1 54. Kg3 Kc2 55. Kf2 Kd3 56. Ke1 Kxc4 57. Ke2 Kc3 58. Kd1 Kb2 0-1

[Event "IV Torneo Parthenope"]
[Site "Napoli ITA"]
[Date "2012.04.19"]
[Round "4"]
[White "Cosenza, Gianni"]
[Black "Schiappoli, Dario"]
[Result "1/2-1/2"]
[WhiteElo "1953"]
[BlackElo "1953"]
[PlyCount "41"]
[EventDate "2012.03.22"]

1. e4 c5 2. Nf3 d6 3. d4 cxd4 4. Nxd4 Nf6 5. Nc3 a6 6. Bg5 e6 7. f4 b5 8. a3
Be7 9. Qe2 Bb7 10. O-O-O Nbd7 11. g4 Rc8 12. Bg2 Rxc3 13. bxc3 Qa5 14. Kd2 Nb6
15. Qd3 Nc4+ 16. Ke2 Nb2 17. Nb3 Qc7 18. Qd4 Nxd1 19. Rxd1 O-O 20. h3 Rd8 21.
Rd3 1/2-1/2

[Event "IV Torneo Parthenope"]
[Site "Napoli ITA"]
[Date "2012.04.19"]
[Round "4"]
[White "De Rosa, Francesco"]
[Black "Borrelli, Salvatore"]
[Result "0-1"]
[WhiteElo "1951"]
[BlackElo "1960"]
[PlyCount "92"]
[EventDate "2012.03.22"]

1. d4 Nf6 2. c4 g6 3. Nf3 Bg7 4. g3 O-O 5. Bg2 d6 6. Nc3 a6 7. O-O Nc6 8. d5
Na5 9. Qd3 c5 10. Nh4 Rb8 11. Bd2 b5 12. cxb5 axb5 13. b3 b4 14. Na4 Bd7 15.
Rab1 Bb5 16. Qf3 Qd7 17. Nb2 Ng4 18. Nd3 Ra8 19. Bf4 Nb7 20. h3 Nf6 21. Nc1 c4
22. g4 c3 23. Re1 Nxg4 24. Qe4 Nc5 25. Qc2 Ne5 26. Be3 Qc8 27. f4 Ned7 28. f5
Ne5 29. Kh2 Bd7 30. Rf1 h6 31. fxg6 fxg6 32. Rxf8+ Qxf8 33. Bxc5 Qf4+ 34. Kh1
Qxh4 35. Be3 Bxh3 36. Bf2 Bf5+ 37. Bxh4 Bxc2 38. Ra1 g5 39. Bf2 Ng4 40. Bb6 Bf5
41. e3 c2 42. Bd4 Nxe3 43. Bxg7 Kxg7 44. Ne2 Nxg2 45. Kxg2 Be4+ 46. Kg3 Bxd5
0-1

[Event "IV Torneo Parthenope"]
[Site "Napoli ITA"]
[Date "2012.04.19"]
[Round "4"]
[White "Di Gennaro, Antonio"]
[Black "Sgammato, Francesco"]
[Result "0-1"]
[WhiteElo "1672"]
[BlackElo "1722"]
[PlyCount "44"]
[EventDate "2012.03.22"]

1. e4 e6 2. d4 d5 3. Nc3 dxe4 4. Nxe4 Nd7 5. Nf3 Ngf6 6. Bg5 Be7 7. Nxf6+ Bxf6
8. h4 O-O 9. Qd2 h6 10. Be3 b6 11. Be2 Bb7 12. O-O-O c5 13. h5 Be4 14. Rhg1
cxd4 15. Bxd4 Rc8 16. Ne1 Nc5 17. Bxc5 Qxd2+ 18. Rxd2 Rxc5 19. f3 Bh7 20. g4
Bg5 21. c3 Rd8 22. Bd3 Bxd3 0-1

[Event "IV Torneo Parthenope"]
[Site "Napoli ITA"]
[Date "2012.04.19"]
[Round "4"]
[White "Di Meo, Antonio"]
[Black "Grasso, Nino"]
[Result "0-1"]
[WhiteElo "1951"]
[BlackElo "2010"]
[PlyCount "84"]
[EventDate "2012.03.22"]

1. d4 Nf6 2. c4 c5 3. Nf3 cxd4 4. Nxd4 e5 5. Nb3 a5 6. Nc3 Bb4 7. Qc2 a4 8. Nd2
Qa5 9. Nb5 O-O 10. g3 d5 11. a3 Bc5 12. Nc3 Ng4 13. e3 d4 14. exd4 exd4 15.
Nce4 Re8 16. Be2 d3 17. Qxd3 Bf5 18. O-O Nxf2 19. Rxf2 Qb6 20. Qf3 Bxf2+ 21.
Nxf2 Ra5 22. g4 Bg6 23. Nf1 Rae5 24. Ng3 Nc6 25. c5 Qxc5 26. Qc3 Qxc3 27. bxc3
Rxe2 28. Nxe2 Rxe2 29. Bf4 f6 30. Bd6 Kf7 31. Rd1 Rc2 32. Bb4 Ne5 33. h3 Nf3+
34. Kf1 Ne5 35. Re1 Ra2 36. Rd1 h5 37. Rd8 Ra1+ 38. Kg2 Bc2 39. Rb8 hxg4 40.
Rxb7+ Kg6 41. hxg4 Bb3 42. Bf8 Bd5+ 0-1

[Event "IV Torneo Parthenope"]
[Site "Napoli ITA"]
[Date "2012.04.19"]
[Round "4"]
[White "Esposito, Rosario"]
[Black "Gallo, Thomas Renato"]
[Result "1/2-1/2"]
[WhiteElo "1854"]
[BlackElo "1879"]
[PlyCount "55"]
[EventDate "2012.03.22"]

1. d4 d5 2. c4 e6 3. Nc3 c6 4. e4 Nf6 5. e5 Nfd7 6. Nf3 Be7 7. cxd5 exd5 8. Bd3
Nf8 9. Be3 Bg4 10. O-O Ne6 11. a3 a5 12. Be2 Nd7 13. Nd2 Bxe2 14. Qxe2 O-O 15.
f4 c5 16. Nxd5 Nxd4 17. Bxd4 cxd4 18. Nxe7+ Qxe7 19. Rac1 Rfc8 20. Qd3 b6 21.
Qxd4 Nc5 22. Qe3 Rd8 23. Rc3 Na4 24. Rc2 Rac8 25. Rfc1 Rxc2 26. Rxc2 Qd7 27.
Nf1 g6 28. Rd2 1/2-1/2

[Event "IV Torneo Parthenope"]
[Site "Napoli ITA"]
[Date "2012.04.19"]
[Round "4"]
[White "Farina, Walter"]
[Black "Supino, Domenico"]
[Result "0-1"]
[WhiteElo "1640"]
[BlackElo "2085"]
[PlyCount "60"]
[EventDate "2012.03.22"]

1. e4 c5 2. Nf3 Nc6 3. d4 cxd4 4. Nxd4 g6 5. Nc3 Bg7 6. Be3 Nf6 7. f3 O-O 8.
Nxc6 bxc6 9. Bc4 Qa5 10. Qd2 Rb8 11. Bb3 Ba6 12. Bh6 Bxh6 13. Qxh6 d5 14. O-O-O
Rfd8 15. Qe3 Rb7 16. Rd2 Rbd7 17. Rhd1 e6 18. e5 Ne8 19. Na4 Ng7 20. g4 Ne8 21.
h4 Bb5 22. Nc5 d4 23. Qg5 Rd5 24. Ne4 c5 25. Bxd5 Rxd5 26. Nf6+ Nxf6 27. Qxf6
Qxa2 28. Rd3 Bxd3 29. cxd3 c4 30. h5 c3 0-1

[Event "IV Torneo Parthenope"]
[Site "Napoli ITA"]
[Date "2012.04.19"]
[Round "4"]
[White "Messina, Enrico"]
[Black "Somma, Andrea"]
[Result "1-0"]
[WhiteElo "2163"]
[BlackElo "1807"]
[PlyCount "47"]
[EventDate "2012.03.22"]

1. e4 d5 2. exd5 Qxd5 3. Nf3 Nf6 4. d4 c6 5. Be2 Bf5 6. O-O e6 7. c4 Qa5 8. Nc3
Bb4 9. Nh4 O-O 10. Nxf5 exf5 11. Qb3 Nbd7 12. Bf3 Rfe8 13. a3 Bxc3 14. bxc3 Qb6
15. Rb1 Qxb3 16. Rxb3 Nb6 17. c5 Nbd5 18. c4 Ne7 19. Rxb7 Ne4 20. Be3 Ng6 21.
g3 Nf8 22. d5 cxd5 23. cxd5 Red8 24. Rd1 1-0

[Event "IV Torneo Parthenope"]
[Site "Napoli ITA"]
[Date "2012.04.19"]
[Round "4"]
[White "Oliveri, Aldo"]
[Black "Sparice, Lorenzo"]
[Result "1-0"]
[WhiteElo "1715"]
[BlackElo "1489"]
[PlyCount "41"]
[EventDate "2012.03.22"]

1. d4 Nf6 2. c4 e6 3. Nc3 b6 4. Bg5 Be7 5. Nf3 Bb7 6. e3 Ne4 7. Bxe7 Qxe7 8.
Bd3 Nxc3 9. bxc3 d6 10. O-O Nd7 11. Qc2 Bxf3 12. gxf3 g6 13. f4 f5 14. f3 O-O
15. Rf2 Rf6 16. e4 Kh8 17. Rc1 Qg7 18. Rg2 Rf7 19. Qa4 a5 20. Qc6 Ra7 21. c5 {
...} 1-0

[Event "IV Torneo Parthenope"]
[Site "Napoli ITA"]
[Date "2012.04.19"]
[Round "4"]
[White "Seletsky, Grigory"]
[Black "Ambrosio, Giuseppe"]
[Result "1-0"]
[WhiteElo "2325"]
[BlackElo "2079"]
[PlyCount "63"]
[EventDate "2012.03.22"]

1. e4 c5 2. Nf3 Nc6 3. Bb5 g6 4. O-O Bg7 5. Bxc6 dxc6 6. Nc3 e5 7. d3 Ne7 8.
Be3 b6 9. Qd2 h6 10. Ne1 g5 11. g3 f5 12. f4 exf4 13. gxf4 g4 14. Ng2 Ng6 15.
Bf2 fxe4 16. Nxe4 O-O 17. Rae1 Qc7 18. b3 Bd7 19. Bg3 Bf5 20. Nh4 Nxh4 21. Bxh4
Rae8 22. Bf6 Kh8 23. Be5 Qd7 24. Qc3 Bxe5 25. fxe5 Bxe4 26. Rxe4 Rxf1+ 27. Kxf1
Qf5+ 28. Kg1 g3 29. hxg3 Qf3 30. e6+ Kh7 31. Qe1 Rg8 32. Re3 1-0

[Event "IV Torneo Parthenope"]
[Site "Napoli ITA"]
[Date "2012.04.19"]
[Round "4"]
[White "Solombrino, Giovanni"]
[Black "Zinnai, Graziano Matteo"]
[Result "0-1"]
[WhiteElo "1822"]
[BlackElo "1989"]
[PlyCount "70"]
[EventDate "2012.03.22"]

1. e4 e6 2. d4 d5 3. Nd2 Nf6 4. e5 Nfd7 5. Bd3 c5 6. c3 Nc6 7. Ne2 f6 8. Nf4
Qe7 9. Qh5+ Qf7 10. Bg6 hxg6 11. Qxh8 fxe5 12. Ne2 cxd4 13. cxd4 exd4 14. Nf3
Nc5 15. O-O b6 16. Nexd4 Nxd4 17. Nxd4 Ba6 18. Rd1 Nd3 19. Rxd3 Bxd3 20. Qh3
Bf5 21. Qc3 Qd7 22. Bf4 Rc8 23. Qb3 Bd6 24. Qg3 Bxf4 25. Qxf4 Qc7 26. Qg5 Qe5
27. g4 Qxd4 28. gxf5 gxf5 29. Qg6+ Ke7 30. Re1 Qg4+ 31. Qxg4 fxg4 32. Re2 Kf6
33. Kg2 Kf5 34. Kg3 Rc1 35. Kg2 e5 0-1